000 01485cam a22004094i 4500
003 PE-LiUPU
005 20250731175623.0
008 150623s r 000 0 d
020 _a3534122984
035 _a(Sirsi) i9783534122981
040 _aPE-LiUPU
_bspa
_cPE-LiUPU
_erda
049 _aPRUA
082 0 4 _a492.402
_bR41
_221
100 1 _aRenz, Johannes,
_eautor.
245 1 0 _aTexte und tafeln /
_cJohannes Renz.
264 1 _aDarmstadt :
_bWissenschaftliche Buchgesellschaft,
_c1995.
300 _a37 páginas :
_bilustraciones láms. ;
_c24.5 centímetros
336 _atext
_2rdacontent
337 _aunmediated
_2rdamedia
338 _avolume
_2rdacarrier
490 0 _aHandbuch der althebräischen Epigraphik, Band III
505 0 _aTexte. -Tafeln : Tafeln zur paläographie (zu Kap. G). -Die einzelnen Inschriften (zu kap. B).
526 _aP145
526 _aP127
526 _aP97
526 _aP35
526 _aP14
526 _aP07
650 0 4 _aInscripciones hebreas
_yEpoca antigua
_vTextos.
700 1 _aWolfgang Röllig.
942 _2ddc
_cBOOK
949 _a492.402 R41
_wDEWEY
_c1
_i45064
_lCCODEBUL1
_mBUL
_r0
_sY
_tBOOK
_u2015-6-24
_xTEOLOGIA
_PP35
_0COMPRA
_o.STAFF. Colección General
994 _aC0
_bPEPRU
596 _a1
999 _a492.402 R41
_wDEWEY
_c21948
_i45064
_f2021-11-11
_g5
_lCCODEBUL1
_mBUL
_r0
_sY
_tBOOK
_u2015-6-24
_xTEOLOGIA
_PP35
_0COMPRA
_o.STAFF. Colección General
_d21948
980 _81
_gALBERTO SANCHEZ Responsable de Automatización